Madden NFL 24 Top 100 Players - Statistics

General Stats
  • This quiz has been taken 453 times
  • The average score is 81 of 100
Answer Stats
Club Position Overall Player % Correct
Philadelphia Eagles C 92 Jason Kelce
99%
Minnesota Vikings WR 99 Justin Jefferson
99%
Kansas City Chiefs QB 99 Patrick Mahomes
99%
Kansas City Chiefs TE 99 Travis Kelce
99%
Miami Dolphins WR 98 Tyreek Hill
97%
Los Angeles Rams RE 99 Aaron Donald
96%
Los Angeles Rams WR 96 Cooper Kupp
96%
Las Vegas Raiders WR 97 Davante Adams
96%
Washington Commanders DT 92 Jonathan Allen
96%
Buffalo Bills QB 94 Josh Allen
96%
Los Angeles Chargers WR 89 Keenan Allen
96%
Buffalo Bills WR 96 Stefon Diggs
96%
Kansas City Chiefs DT 96 Chris Jones
95%
San Francisco 49ers TE 96 George Kittle
95%
Seattle Seahawks SS 88 Jamal Adams
95%
Cincinnati Bengals QB 95 Joe Burrow
95%
Los Angeles Chargers LOLB 91 Joey Bosa
95%
Cleveland Browns RE 98 Myles Garrett
95%
San Francisco 49ers RE 98 Nick Bosa
95%
Cleveland Browns HB 97 Nick Chubb
95%
Green Bay Packers HB 88 Aaron Jones
94%
San Francisco 49ers HB 96 Christian McCaffrey
94%
Tennessee Titans HB 94 Derrick Henry
94%
Cincinnati Bengals WR 94 Ja'Marr Chase
94%
Pittsburgh Steelers LOLB 94 T.J. Watt
94%
Baltimore Ravens TE 95 Mark Andrews
93%
Dallas Cowboys RE 97 Micah Parsons
93%
Philadelphia Eagles WR 91 A.J. Brown
92%
Las Vegas Raiders HB 95 Josh Jacobs
92%
Baltimore Ravens FS 88 Marcus Williams
92%
New York Jets DT 93 Quinnen Williams
92%
New York Giants HB 93 Saquon Barkley
92%
San Francisco 49ers LT 98 Trent Williams
92%
San Francisco 49ers MLB 96 Fred Warner
91%
Miami Dolphins CB 97 Jalen Ramsey
91%
Baltimore Ravens QB 91 Lamar Jackson
91%
Philadelphia Eagles RT 98 Lane Johnson
90%
New York Jets CB 93 Sauce Gardner
89%
Dallas Cowboys RG 99 Zach Martin
89%
Cleveland Browns WR 91 Amari Cooper
88%
Dallas Cowboys WR 90 CeeDee Lamb
88%
Tennessee Titans WR 93 DeAndre Hopkins
88%
Seattle Seahawks WR 88 D.K. Metcalf
88%
Minnesota Vikings SS 90 Harrison Smith
88%
Baltimore Ravens K 91 Justin Tucker
88%
Baltimore Ravens MLB 92 Roquan Smith
88%
New York Giants DT 94 Dexter Lawrence II
87%
Green Bay Packers CB 95 Jaire Alexander
87%
Philadelphia Eagles QB 88 Jalen Hurts
87%
Las Vegas Raiders LOLB 94 Maxx Crosby
87%
Denver Broncos CB 94 Patrick Surtain II
87%
Washington Commanders WR 92 Terry McLaurin
87%
Dallas Cowboys LT 89 Tyron Smith
87%
Dallas Cowboys LE 90 DeMarcus Lawrence
86%
Tampa Bay Buccaneers WR 90 Mike Evans
86%
Los Angeles Chargers SS 95 Derwin James Jr
85%
San Francisco 49ers WR 89 Deebo Samuel
84%
Indianapolis Colts HB 89 Jonathan Taylor
84%
Kansas City Chiefs C 90 Creed Humphrey
82%
Philadelphia Eagles CB 92 Darius Slay Jr
82%
Baltimore Ravens CB 93 Marlon Humphrey
82%
Miami Dolphins WR 88 Jaylen Waddle
81%
Pittsburgh Steelers FS 93 Minkah Fitzpatrick
81%
Minnesota Vikings TE 90 T.J. Hockenson
80%
Seattle Seahawks WR 89 Tyler Lockett
80%
Buffalo Bills RE 94 Von Miller
79%
Seattle Seahawks MLB 89 Bobby Wagner
78%
Arizona Cardinals SS 90 Budda Baker
77%
Pittsburgh Steelers RE 93 Cameron Heyward
77%
Houston Texans LT 95 Laremy Tunsil
75%
Los Angeles Chargers HB 89 Austin Ekeler
74%
Philadelphia Eagles TE 89 Dallas Goedert
73%
Atlanta Falcons FS 91 Jessie Bates III
72%
Tennessee Titans RE 89 Jeffery Simmons
71%
Denver Broncos FS 92 Justin Simmons
71%
Indianapolis Colts LG 92 Quenton Nelson
71%
Cleveland Browns CB 88 Denzel Ward
70%
Buffalo Bills CB 90 Tre'Davious White
70%
New Orleans Saints CB 90 Marshon Lattimore
69%
Tampa Bay Buccaneers LT 92 Tristan Wirfs
69%
New York Jets HB 90 Dalvin Cook
65%
New Orleans Saints MLB 90 Demario Davis
64%
Tampa Bay Buccaneers MLB 91 Lavonte David
64%
Dallas Cowboys CB 91 Stephon Gilmore
64%
Tennessee Titans FS 92 Kevin Byard
61%
New England Patriots LOLB 89 Matthew Judon
61%
Buffalo Bills SS 90 Jordan Poyer
60%
New Orleans Saints FS 91 Tyrann Mathieu
58%
New York Giants LT 92 Andrew Thomas
56%
Detroit Lions C 88 Frank Ragnow
55%
Buffalo Bills FS 89 Micah Hyde
55%
Cleveland Browns LG 92 Joel Bitonio
54%
Miami Dolphins LT 91 Terron Armstead
54%
Philadelphia Eagles LOLB 90 Haason Reddick
53%
Atlanta Falcons RG 93 Chris Lindstrom
51%
Green Bay Packers LT 90 David Bakhtiari
49%
Kansas City Chiefs LG 89 Joe Thuney
48%
Baltimore Ravens LT 90 Ronnie Stanley
43%
New Orleans Saints RT 89 Ryan Ramczyk
34%
Los Angeles Chargers C 88 Corey Linsley
31%
No matching quizzes found
Score Distribution
Percent of People with Each Score
Percentile by Number Answered
Your Score History
You have not taken this quiz